Countries that begin and end with consonants - Statistics

General Stats
  • This quiz has been taken 4,931 times
    4,631 since last reset
  • The average score is 53 of 65
Answer Stats
Answer % Correct
Finland
94%
Sweden
94%
Japan
92%
Portugal
91%
Spain
91%
Brazil
90%
Kazakhstan
90%
Turkmenistan
90%
Belgium
88%
Denmark
87%
Kyrgyzstan
87%
Pakistan
87%
Poland
87%
Tajikistan
87%
Vietnam
87%
New Zealand
86%
Yemen
86%
Netherlands
85%
Norway
85%
Thailand
85%
Chad
84%
Luxembourg
84%
Switzerland
84%
Bahrain
83%
Bhutan
83%
Liechtenstein
83%
Laos
82%
Belarus
81%
Benin
81%
Germany
81%
Jordan
81%
Sudan
81%
Turkey
81%
Bangladesh
80%
Nepal
80%
Qatar
80%
South Sudan
80%
Dominican Republic
79%
Vatican City
79%
Lebanon
78%
Saint Kitts and Nevis
78%
Bahamas
77%
Barbados
77%
Honduras
77%
Kuwait
77%
Marshall Islands
77%
Saint Vincent and the Grenadines
77%
Senegal
77%
Comoros
76%
Niger
76%
Solomon Islands
76%
Hungary
75%
Madagascar
75%
Philippines
75%
Seychelles
75%
Cyprus
74%
Myanmar
74%
Taiwan
74%
Gabon
73%
Mauritius
73%
Paraguay
73%
Cameroon
72%
Central African Republic
70%
Czech Republic
70%
Maldives
70%
No matching quizzes found
Score Distribution
Percent of People with Each Score
Percentile by Number Answered
Your Score History
You have not taken this quiz since the last reset